Chichester Towers.

Bibliographic Details
Main Author: Curtis, Lewis Perry, 1900-1976
Format: Book
Language:English
Published: New Haven : Yale University Press, 1966.
Subjects:

MARC

Tag First Indicator Second Indicator Subfields
LEADER 00000cam a2200000 4500
001 in00000038754
005 20151007081249.0
008 721012s1966 eng u
010 |a  66021514  
035 |a (OCoLC)00426815 
035 |9 AAF6122AM 
040 |c MRC  |d TXA  |d UtOrBLW 
049 |a TXAM  |c [461431] 
050 0 |a DA670.S98  |b C93 
092 |a 320.94225  |b C979c 
100 1 |a Curtis, Lewis Perry,  |d 1900-1976. 
245 1 0 |a Chichester Towers. 
264 1 |a New Haven :  |b Yale University Press,  |c 1966. 
300 |a xvi, 114 pages :  |b illustrations 
336 |a text  |b txt  |2 rdacontent 
337 |a unmediated  |b n  |2 rdamedia 
338 |a volume  |b nc  |2 rdacarrier 
650 0 |a Patronage, Ecclesiastical  |z England  |z Sussex. 
650 0 |a Patronage, Political  |z England  |z Sussex. 
651 0 |a Sussex (England)  |x Politics and government. 
999 |a MARS 
999 f f |s df67f1d0-8819-3277-8c82-d70e33627120  |i 62a669aa-2748-3e3b-818a-f435e0bb5f60  |t 0 
952 f f |p ric  |a Texas A&M University  |b Rellis Campus  |c Joint Library Facility  |d Remote Storage  |t 0  |e DA670.S98 C93  |h Library of Congress classification  |i unmediated -- volume  |m A14800660213 
998 f f |a DA670.S98 C93  |t 0  |l Remote Storage